00444nam a2200157Ia 4500001000500000005001700005008004100022041000800063082001500071100002500086245012800111260000900239300002200248650000800270654000800278777220260306160520.0260306t2011||||xx |||||||||||||| ||spa|| aESP a361.8bY94 aYunus, MuhammadeAUT 0aLas empresas sociales:buna nueva dimensión del capitalismo para atender las necesidades más acuciantes de la humanidad c2011 a253 páginas :c aGEN aCAN